000 00305nam a22001217a 4500
020 _a81-219-2921-0
082 _a425
_bWRE/H
100 _aWREN
245 _aENGLISH GRAMMAR & COMPOSITION
260 _aNEW DELHI
_bS.CHAND& COMPANY PVT.LTD.
650 _aENGLISH GRAMMAR & COMPOSITON
_zNEW DELHI
942 _cBK
999 _c3752
_d3752